| 000 | 00488pab a2200169 454500 | ||
|---|---|---|---|
| 008 | 180718b1998 xxu||||| |||| 00| 0 eng d | ||
| 100 | _aHoque, M. Ekramul | ||
| 245 | _aAchievement motivation and performance of public sector commercial bank employees in Bangladesh | ||
| 260 | _c1998 | ||
| 300 | _ap.497-505 | ||
| 362 | _aApr | ||
| 650 | _aBanks - Bangladesh | ||
| 650 | _aBanks | ||
| 700 | _aAli, Md. Hasanath | ||
| 773 | _aIndian Journal of Industrial Relations | ||
| 909 | _a38969 | ||
| 999 |
_c38969 _d38969 |
||